Documento perteneciente a Don Elías Hidalgo (Record no. 4626)

MARC details
000 -CABECERA
campo de control de longitud fija 01827nam a2200385 a 4500
001 - NÚMERO DE CONTROL
campo de control BRCA_4932
005 - FECHA Y HORA DE LA ÚLTIMA TRANSACCIÓN
campo de control 20190320204851.0
008 - DATOS DE LONGITUD FIJA--INFORMACIÓN GENERAL
campo de control de longitud fija 211010s1809----mx-#######---#000-0#sps-#
041 ## - CÓDIGO DE LENGUA
Código de lengua del texto/banda sonora o título independiente spa
044 ## - CÓDIGO DEL PAÍS DE LA ENTIDAD EDITORA/PRODUCTORA
Código MARC del país mx
084 ## - OTRO NÚMERO DE CLASIFICACIÓN
Número de clasificación DOC23
Número de documento/Ítem .H53
-- 1809
100 1# - ENTRADA PRINCIPAL--NOMBRE DE PERSONA
Nombre de persona Hidalgo, Elías
9 (RLIN) 12517
245 10 - MENCIÓN DE TÍTULO
Título Documento perteneciente a Don Elías Hidalgo
Mención de responsabilidad, etc. Elías Hidalgo ... [et al.].
260 ## - PUBLICACIÓN, DISTRIBUCIÓN, ETC.
Lugar de publicación, distribución, etc. Querétaro ; México
Fecha de publicación, distribución, etc. 1809
300 ## - DESCRIPCIÓN FÍSICA
Extensión [2] fojas
Dimensiones 31 x 21 cm.
500 ## - NOTA GENERAL
Nota general Documento firmado el 19 de febrero de 1809.
500 ## - NOTA GENERAL
Nota general Patente del Hábito de la Tercera Orden de N.S.P.S. Francisco.
500 ## - NOTA GENERAL
Nota general Documento de admisión al Noviciado de Don Elías Hidalgo, dada en la Iglesia de dicha Tercera Orden. Firmado por Fray Lázaro Villalobos Regente de estudios, el Bachiller Don José María Zelada e Hidalgo y Don José Miguel Valderas.
500 ## - NOTA GENERAL
Nota general Contiene restos de sello lacrado de la Tercera Orden Regular de San Francisco.
500 ## - NOTA GENERAL
Nota general Contiene ilustraciónes de floreros perenes y al centro el escudo de la orden Franciscana.
500 ## - NOTA GENERAL
Nota general El documento contienen la leyenda DOC. #32.
500 ## - NOTA GENERAL
Nota general Papel con marca de agua.
500 ## - NOTA GENERAL
Nota general Estado de conservación: contiene dobleces en los márgenes y manchas ocasionadas por agentes biológicos en el margen superior.
506 0# - NOTA DE RESTRICCIONES AL ACCESO
Limitaciones de acceso Fondo Reservado. Para su consulta es necesario credencial de usuario y carta de motivos.
546 ## - NOTA DE LENGUA/LENGUAJE
Nota de lengua/lenguaje Texto en: español de principios del siglo XIX.
600 14 - PUNTO DE ACCESO ADICIONAL DE MATERIA--NOMBRE DE PERSONA
Nombre de persona Hidalgo, Elías
Subdivisión general Historia
9 (RLIN) 12518
650 14 - PUNTO DE ACCESO ADICIONAL DE MATERIA--TÉRMINO DE MATERIA
Término de materia o nombre geográfico como elemento de entrada Franciscanos
Subdivisión geográfica México
9 (RLIN) 12519
651 #4 - PUNTO DE ACCESO ADICIONAL DE MATERIA--NOMBRE GEOGRÁFICO
Nombre geográfico México
Subdivisión general Historia
Subdivisión cronológica Colonia, 1521-1821
9 (RLIN) 12461
653 0# - TÉRMINO DE INDIZACIÓN--NO CONTROLADO
Término no controlado Ordenes religiosas.
700 1# - PUNTO DE ACCESO ADICIONAL--NOMBRE DE PERSONA
Nombre de persona Villalobos, Lázaro
9 (RLIN) 12520
700 1# - PUNTO DE ACCESO ADICIONAL--NOMBRE DE PERSONA
Nombre de persona Zelada e Hidalgo, José María
9 (RLIN) 12521
700 1# - PUNTO DE ACCESO ADICIONAL--NOMBRE DE PERSONA
Nombre de persona Valderas, José Miguel
9 (RLIN) 12522
902 ## - CATALOGADOR
Iniciales FDH
942 ## - ELEMENTOS DE PUNTO DE ACCESO ADICIONAL (KOHA)
Fuente del sistema de clasificación o colocación Library of Congress Classification
Tipo de ítem Koha Documentos
Holdings
Estado de retiro Estado de pérdida Estado dañado No para préstamo Localización permanente Ubicación/localización actual Fecha de adquisición Total de préstamos Signatura topográfica completa Código de barras Fecha visto por última vez Precio válido a partir de Tipo de ítem Koha
El ejemplar forma parte de la colección y puede ser consultado según las políticas vigentes.       Biblioteca del Museo Franz Mayer (Rogerio Casas-Alatriste) Biblioteca del Museo Franz Mayer (Rogerio Casas-Alatriste) 21/10/2010   DOC23 .H53 1809 4993 22/03/2019 22/03/2019 Documentos